• AIU
  • Tony Wilmot Memorial Library
Normal view MARC view

Entry Personal Name

Number of records used in: 1

001 - CONTROL NUMBER

  • control field: 14444

003 - CONTROL NUMBER IDENTIFIER

  • control field: OSt

005 - DATE AND TIME OF LATEST TRANSACTION

  • control field: 20120419154835.0

008 - FIXED-LENGTH DATA ELEMENTS

  • fixed length control field: 120419|||a|||||| | ||| d

040 ## - CATALOGING SOURCE

  • Original cataloging agency: OSt
  • Transcribing agency: OSt

100 ## - HEADING--PERSONAL NAME

  • Personal name: Milligan, George,
  • Dates associated with a name: 1860-1934.

670 ## - SOURCE DATA FOUND

  • Source citation: Work cat.: (OSt)0: Milligan, George, 1860-1934., The New Testament documents,, 1913.